000 00542nam a22001931a 4500
001 19331
003 OSt
005 20260204212448.0
008 190427s2017||||spa||||||b||||||||||spa||
020 _a9788415089582
082 _a892.734 M637u
245 _aLas mil y una noches/Traductor, Alessia Lazcano
264 _aBarcelona, España:Plutón
300 _a345 Páginas
500 _aColección travesíaIncluye índice
650 _aCuentos árabes-colecciones 2.Literatura árabe
700 _aLazcano, AlessiaÌ
942 _2ddc
_cBK
999 _c19331
_d19331